000 00765nam a2200241 a 4500
001 000020915
005 20200930011204.0
008 100823s1980 sp 000 f spa d
020 _a8430305378
040 _aDO-SdBNP
_bspa
_cBNPHU
082 _a863.3
_bQ5hi
100 1 _aQuevedo, Francisco de,
_d1580-1645
_96261
245 1 0 _aHistoria de la vida del buscón :
_bllamado don Pablos, ejemplo de vagamundos y espejo de tacaños /
_cQuevedo.
260 _aBarcelona :
_bRamón Sopena,
_c1980.
300 _a176 p. ;
_c18 cm.
490 1 _aBiblioteca Sopena
_v537
650 4 _aNovela española
_91123
650 4 _aLiteratura española
_9632
650 4 _aSátira española
_94899
830 0 _aBiblioteca Sopena ;
_v537
_912815
910 _aWM
049 _aBNGR
999 _c20418
_d20418